| 000 | 01065nam0a2200301 4500 | ||
|---|---|---|---|
| 001 | RU\NLR\BIBL_A\022188106 | ||
| 005 | 20250625152813.0 | ||
| 010 |
_a978-5-00114-419-9 _92000 |
||
| 035 | _a(NLR Aleph) 022188106 | ||
| 090 |
_a13003858 _c13003858 |
||
| 100 | _a20240404d2024 |||y0rusy50 ca | ||
| 101 | 0 | _arus | |
| 102 | _aRU | ||
| 105 | _ay|||z|||000ay | ||
| 181 | 0 |
_ai4 _baxxe |
|
| 182 | 0 | _an | |
| 200 | 1 |
_aДорога Сурена _e[роман] _fАвакян-Ржевский |
|
| 203 |
_aТекст _bвизуальный _cнепосредственный |
||
| 210 |
_aМосква _cBlack sheep books _d2024 (печ. 2023) |
||
| 215 |
_a238, [1] с. _d20 |
||
| 686 | 2 | _aШ6(2=Ар)7-4 | |
| 700 | 1 |
_7ca _8rus _aАвакян-Ржевский _bС. _f1986- _gСергей _9267859 _3RU\NLR\AUTH\770267915 |
|
| 942 | _cBOOK | ||
| 980 | _aNB | ||